000 00376nam a2200145 a 4500
005 20140412111329.0
008 110128s19uu xx 00 eng d
020 _a0-395-98302-9
050 _aTR(GS 372.7
_bTe249 2000
245 _aTeacher Resource Copymasters.
260 _aU.S.A :
_bHoughton mifflin,
_c2000.
300 _a255p.
440 _aMath steps
999 _c104812
_d104812